[Event "Baden-ch U14"]
[Site "Karlsruhe"]
[Date "2008.01.03"]
[Round "3"]
[White "Schwab, David"]
[Black "Kellner, Jonas"]
[Result "0-1"]
[WhiteElo "979"]
[BlackElo "1045"]
[PlyCount "42"]
[EventDate "2008.01.02"]
[EventType "swiss"]
[EventRounds "7"]
[EventCountry "GER"]
[SourceTitle "EXT 2009"]
[Source "ChessBase"]
[SourceDate "2008.11.26"]
[SourceVersion "1"]
[SourceVersionDate "2008.11.26"]
[SourceQuality "1"]

1. e4 e5 2. Nf3 Nc6 3. d4 f6 4. d5 Nce7 5. Be3 b6 6. Nc3 c6 7. Bc4 b5 8. Bb3 a5 9. a3 Bb7 10. d6 Ng6 11. Bxg8 Rxg8 12. 0-0 b4 13. axb4 axb4 14. Rxa8 Qxa8 15. Ne2 Ba6 16. Bc5 Nf4 17. Ng3 Bxf1 18. Qxf1 Qa2 19. c3 bxc3 20. bxc3 Ne6 21. Bb4 c5 0-1